| 000 | 00566cam a22001811 4500 | ||
|---|---|---|---|
| 082 |
_a327.172 _bINT |
||
| 100 | 1 |
_aWoolf, Leonard, _949363 |
|
| 245 | 1 | 4 |
_aThe intelligent man's way to prevent war, _bby Sir Norman Angell [and others] _cLeonard Woolf |
| 260 |
_aLondon, _bV. Gollancz ltd., _c1933. |
||
| 300 |
_a564, [12] p. _c19 cm. |
||
| 500 | _aAt head of title: Edited by Leonard Woolf. | ||
| 526 |
_a0 _b0 _c0 _d327_172000000000000_INT |
||
| 650 | 0 |
_aMCE _9379 |
|
| 650 | 0 |
_aPeace. _92018 |
|
| 650 | 0 | _aWar. | |
| 700 | 1 |
_aAngell, Norman, _949180 |
|
| 942 |
_2ddc _cBK |
||
| 999 |
_c552152 _d552152 |
||